DFB-Pokal - Siegertrainer - Statistiken

Allgemein
  • Dieses Quiz wurde 316 mal gespielt
    106 seit der letzten Aktualisierung
  • Das Durchschnittsergebnis liegt bei 32 aus 72
Antwortstatistiken
Saison Verein Trainer % Korrekt
2018 Eintracht Frankfurt Niko Kovac
98%
2019 Bayern München Niko Kovac
98%
2024 Bayer 04 Leverkusen Xabi Alonso
96%
2020 Bayern München Hansi Flick
95%
2012 Borussia Dortmund Jürgen Klopp
95%
2013 Bayern München Jupp Heynckes
94%
2014 Bayern München Pep Guardiola
93%
2016 Bayern München Pep Guardiola
93%
2021 Borussia Dortmund Edin Terzic
89%
2023 Rasenballsport Leipzig Marco Rose
89%
2017 Borussia Dortmund Thomas Tuchel
86%
2005 Bayern München Felix Magath
85%
2006 Bayern München Felix Magath
85%
1999 Werder Bremen Thomas Schaaf
84%
2004 Werder Bremen Thomas Schaaf
84%
2009 Werder Bremen Thomas Schaaf
84%
2010 Bayern München Louis van Gaal
81%
2000 Bayern München Ottmar Hitzfeld
81%
2003 Bayern München Ottmar Hitzfeld
81%
2008 Bayern München Ottmar Hitzfeld
81%
2015 VfL Wolfsburg Dieter Hecking
77%
2011 FC Schalke 04 Ralf Rangnick
72%
2001 FC Schalke 04 Huub Stevens
69%
2002 FC Schalke 04 Huub Stevens
69%
2022 Rasenballsport Leipzig Domenico Tedesco
67%
1971 Bayern München Udo Lattek
67%
1984 Bayern München Udo Lattek
67%
1986 Bayern München Udo Lattek
67%
1980 Fortuna Düsseldorf Otto Rehhagel
63%
1991 Werder Bremen Otto Rehhagel
63%
1994 Werder Bremen Otto Rehhagel
63%
1998 Bayern München Giovanni Trapattoni
53%
2007 1. FC Nürnberg Hans Meyer
53%
1973 Borussia Mönchengladbach Hennes Weisweiler
46%
1977 1. FC Köln Hennes Weisweiler
46%
1978 1. FC Köln Hennes Weisweiler
46%
1997 VfB Stuttgart Joachim Löw
44%
1987 Hamburger SV Ernst Happel
38%
1964 1860 München Max Merkel
31%
1985 Bayern 05 Uerdingen Karl-Heinz Feldkamp
27%
1988 Eintracht Frankfurt Karl-Heinz Feldkamp
27%
1990 1. FC Kaiserslautern Karl-Heinz Feldkamp
27%
1982 Bayern München Pál Csernai
27%
1969 Bayern München Branko Zebec
25%
1993 Bayer Leverkusen Dragoslav Stepanovic
20%
1995 Borussia Mönchengladbach Bernd Krauss
15%
1974 Eintracht Frankfurt Dietrich Weise
15%
1975 Eintracht Frankfurt Dietrich Weise
15%
1983 1. FC Köln Rinus Michels
15%
1966 Bayern München Zlatko Cajkovski
14%
1967 Bayern München Zlatko Cajkovski
14%
1976 Hamburger SV Kuno Klötzer
12%
1989 Borussia Dortmund Horst Köppel
11%
1968 1. FC Köln Willi Multhaup
11%
1972 FC Schalke 04 Ivica Horvat
9%
1996 1. FC Kaiserslautern Eckhard Krautzun
7%
1979 Fortuna Düsseldorf Hans-Dieter Tippenhauer
7%
1961 Werder Bremen Georg Knöpfle
6%
1981 Eintracht Frankfurt Lothar Buchmann
5%
1992 Hannover 96 Michael Lorkowski
5%
1957 Bayern München WIlliband Hahn
5%
1962 1. FC Nürnberg Herbert Widmayer
4%
1963 Hamburger SV Martin Wilke
4%
1965 Borussia Dortmund Hermann Eppenhoff
2%
1956 Karlsruher SC Ludwig Janda
1%
1955 Karlsruher SC Adolf Patek
0%
1960 Borussia Mönchengladbach Bernd Oles
0%
1954 VfB Stuttgart Georg Wurzer
0%
1958 VfB Stuttgart Georg Wurzer
0%
1959 Schwarz-Weiß Essen Horst Wendlandt
0%
1953 Rot-Weiss Essen Karl Hohmann
0%
1970 Kickers Offenbach Kurt Schreiner
0%
Keine übereinstimmenden Quizze gefunden
Verteilung der Resultate
Anzahl Personen mit jedem Resultat
Perzentil nach korrekt beantworteten Fragen
Ihre Resultats-Entwicklung
Sie haben dieses Quiz seit der letzten Aktualisierung nicht gespielt